Westeros Locations: North to South Quiz Stats

 Plays Quiz not verified by Sporcle

Challenge
Share
Tweet
Embed
Score 0/25 Timer 10:00
0 Plays Today
% Correct
Fist of the First Men
94.7%
Winterfell
85.8%
Castle Black
83.2%
White Harbor
81.8%
Pyke
79%
Whitetree
77.2%
The Eyrie
66.7%
Sunspear
66.1%
Riverrun
64.1%
Storm's End
62.1%
Highgarden
62.1%
King's Landing
60.6%
Gulltown
59.5%
% Correct
Casterly Rock
52.5%
Harrenhal
52.3%
Lannisport
52.1%
Oldtown
51.2%
Seagard
45.7%
Maidenpool
45.3%
Starfall
43.1%
Dragonstone
41.1%
Crakehall
34.6%
Bitterbridge
30.6%
Nightsong
28.9%
Ashford
17.1%

You're not logged in!

Compare scores with friends on all Sporcle quizzes.
OR
Log In

You Might Also Like...

Show Comments

Extras

Top Quizzes Today


Score Distribution

Your Account Isn't Verified!

In order to create a playlist on Sporcle, you need to verify the email address you used during registration. Go to your Sporcle Settings to finish the process.

Report this User

Report this user for behavior that violates our Community Guidelines.

Details: